Music Quiz

Random Music or Song Quiz

Girliest girl songs ever Quiz Stats

 Plays Quiz not verified by Sporcle

Challenge
Share
Tweet
Embed
Score 0/33 Timer 10:00
0 Plays Today
clue song % Correct
just what exactly do girls want, Cyndi?Girls Just Want to have Fun
91.5%
they aren't, but the Beach Boys (and David Lee Roth) wishes they all could beCalifornia Girls
75.2%
what can make The Temptations feel this way?My Girl
74.4%
Mötley Crüe's three favorite thingsGirls Girls Girls
73.5%
Van Morrison asks if she remembers when they used to sing Sha la la la la la la la la la la te da Brown Eyed Girl
73.5%
Billy Joel married the star of this song's videoUptown Girl
57.3%
Hey, Freddy Mercury and Queen, who'll be ridin' today? Fat Bottomed Girls
53%
the song that saved Rick Springfield's career in musicJessie's Girl
50.4%
Gwen Stefani of No Doubt says she is, but she is NOT...Just a Girl
37.6%
OMG! Like, Frank and Moon Unit Zappa wrote a song about, like, US! Like, gag me with a spoon! Valley Girl
36.8%
Duran Duran song that inspired naked women on video, not...Girls on Film
35%
the video for this David Bowie song featured an atomic bomb explosion, but no bikinis atollChina Girl
32.5%
a remake of this 1967 hit by Neil Diamond featured prominently in Pulp FictionGirl, You'll Be a Woman Soon
30.8%
Gary Puckett's love for her is way out of line--and so is the Union Gap's?Young Girl
29.1%
Donna Summer hit that should be used for the title credits of a reality show called Cop-ettesBad Girls
27.4%
they might if they hear Frankie Valli's falsetto fronting for the Four SeasonsBig Girls Don't Cry
27.4%
the Milli Vanilli lip-synching scandal revealed the irony of this song titleGirl You Know It's True
27.4%
clue song % Correct
1965 bossa nova hit, now most often heard in elavatorsGirl from Ipanema
23.1%
why Neil Sedaka will always know every day, every day (every day!), of the yearCalendar Girl
22.2%
Neil Young's 1970 single is NOT about Ginger, Baby, Scary, Posh, or SportyCinnamon Girl
19.7%
Julie Brown song inspired a Jeff Goldblum/Geena Davis movie--this is not a hard oneEarth Girls Are Easy
17.9%
in 1978, this song by the Rolling Stones managed to offend almost all women, not just...Some Girls
16.2%
same title, different songs by Madonna and the EurythmicsWho's That Girl?
12.8%
Seals and Crofts did not mention baseball in this hit from 1973Diamond Girl
12%
urban legend claims this Tom Petty song is about a suicide American Girl
12%
The Seekers' highest charting single, title track from a 1965 movieGeorgy Girl
10.3%
after 'Jewish Princess,' Frank Zappa offended another religious group with this songCatholic Girls
8.5%
in the movie Help, the recording of this song is ruined by the noise of a chainsawYou're Gonna Lose that Girl
7.7%
OXO's one and only hitWhirly Girl
6%
Van Halen's song about a snappy little mammyBeautiful Girls
4.3%
Simon & Garfunkel's only hit when they were billed as Tom & JerryHey Schoolgirl
3.4%
the video for this Pat Wilson song featured a 15-year-old Nicole KidmanBop Girl
1.7%
a classic marching song since the 1700sThe Girl I left behind me
1.7%

You're not logged in!

Compare scores with friends on all Sporcle quizzes.
Join for Free
OR
Log In

You Might Also Like...

Show Comments

Extras

Created Apr 15, 2010ReportNominate
Tags:Song Quiz, ever, girl

Top Quizzes Today


Score Distribution

Your Account Isn't Verified!

In order to create a playlist on Sporcle, you need to verify the email address you used during registration. Go to your Sporcle Settings to finish the process.

Report this User

Report this user for behavior that violates our Community Guidelines.

Details: